00625 2200229 4500001002100000005001500021035002000036007000300056008004100059020001800100082001100118084001700129100002300146245009100169250001000260260003000270300002500300650002700325700001900352990001200371990001200383INLIS00000000001689320240730022754 a0010-0724000059ta240730 d 1 ind  a9786024825546 a808.83 a808.83 EKO g0 aEKO, Heri Priyanto1 aGuru Terbang ke Eropa Kumpulan Cerita Pendek /cEko Heri Priyanto;editor,Khoirun Nisak aCet.1 bPustaka Media Guru,c2018 av,112 hlm. ;c21 cm. 4aCerita Pendek-Kumpulan0 aKHOIRUN, Nisak a11958 a a12113 a